|
|
|
|
| LEADER |
00000cam a2200000 7i4500 |
| 001 |
0000009638 |
| 002 |
000010501 |
| 005 |
.0 |
| 020 |
|
|
|a 1562762397
|
| 090 |
0 |
0 |
|a 618.2
|b TUT
|
| 100 |
1 |
|
|a Tuteur, Amy B
|
| 245 |
1 |
0 |
|a How your baby is born
|c Amy B.Tuteur ; illustrated by Terry Toyamama and Fran Miller
|
| 260 |
|
|
|a California :
|b Ziff-Davis Press ,
|c 1994
|
| 300 |
|
|
|a 224p. :
|b ill. ;
|c 26cm.
|
| 650 |
0 |
0 |
|a Child birth
|
| 650 |
0 |
0 |
|a Pregnancy
|
| 700 |
0 |
|
|a Miller, Fran
|
| 700 |
0 |
|
|a Toyoma, Terry
|
| 999 |
|
|
|a 047910
|b BUKU
|c PINJAMAN
|e PERPUSTAKAAN KOMUNITI PETALING JAYA
|
| 999 |
|
|
|a 047911
|b BUKU
|c PINJAMAN
|e PERPUSTAKAAN KOMUNITI PETALING JAYA
|